000 01281cam a22003497a 4500
003 CHAP
005 20220817043739.0
008 010116d2000 mx r 00110 spa d
010 _a83271
011 _a84243
035 _a94762
040 _cCHAP
090 _aTesis
100 0 0 _aBarrera Torres, Gabriela.
_910421
245 1 0 _aDiagnóstico del viverismo y comercialización de las plantas de ornato en la región de Cuernavaca, Morelos
_c/por Gabriela Barrera Torres y Erwin Freddy Osorio Morales
260 _aChapingo, Méx. :
_bEl autor,
_c2000.
300 _a100 h. :
_bgráfs. ; anexo
502 _aTesis (Ing. Agr. Esp. en Fitotecnia) -- UACH. Departamento de Fitotecnia
590 _aALEPH
_b10
_c20130110
_lUCH01
_h1441
590 _aBATCH-UPD
_b10
_c20130110
_lUCH01
_h0715
590 _aCONVERSION
_b10
_c20130109
_lUCH01
_h1346
650 1 4 _aPlantas ornamentales.
650 1 4 _aPlantas ornamentales
_xMercadeo.
_989071
650 1 4 _aPlantas ornamentales
_xRendimiento.
_989075
650 1 4 _aViveros ornamentales.
_9120105
700 0 _aOsorio Morales, Erwin Freddy.
_984231
901 _aBK
905 _aLilia Sánchez G.
942 _cFOLL
949 _bBC
_cTES
_d33724000809265
_eTS2
_fc.2
_h37827
_i94762
_si
949 _bBC
_cTES
_d947621
_eTS1
_h37826
_i94762
_sb
999 _c83271
_d83271